[Event "Netanya Open 2019"]
[Site "Netanya"]
[Date "2019.06.30"]
[Round "7.27"]
[White "Gorodetzky, Matan"]
[Black "Kochavi, Ori"]
[Result "1-0"]
[WhiteElo "2303"]
[BlackElo "2152"]
[Annotator "NA"]
[PlyCount "65"]
[EventDate "2019.06.23"]
[EventType "swiss"]
[EventCountry "ISR"]
[SourceTitle "playchess.com"]
[Source "ChessBase"]
[SourceQuality "1"]
[TimeControl "40/5400+30:1800+30"]

1. e4 {[%emt 0:00:06]} c6 {[%emt 0:00:00]} 2. d4 {[%emt 0:00:10]} d5 {[%emt 0:00:00]} 3. exd5 {[%emt 0:00:07]} cxd5 {[%emt 0:00:00]} 4. Bd3 {[%emt 0:00:08]} Nc6 {[%emt 0:00:00]} 5. c3 {[%emt 0:00:09]} Qc7 {[%emt 0:00:00]} 6. Na3 {[%emt 0:01:09]} a6 {[%emt 0:00:10]} 7. Nc2 {[%emt 0:00:36]} Nf6 {[%emt 0:13:09]} 8. h3 {[%emt 0:00:28]} g6 {[%emt 0:02:07]} 9. Ne2 {[%emt 0:01:12]} Bf5 {[%emt 0:00:45]} 10. Bxf5 {[%emt 0:30:03]} gxf5 {[%emt 0:00:49]} 11. Bf4 {[%emt 0:00:03]} Qd7 {[%emt 0:09:38]} 12. Nc1 {[%emt 0:07:49]} e6 {[%emt 0:06:39]} 13. Nd3 {[%emt 0:02:29]} Bd6 {[%emt 0:04:48]} 14. Qf3 {[%emt 0:06:31]} h5 {[%emt 0:18:15]} 15. Rc1 {[%emt 0:05:24]} Ne4 {[%emt 0:01:33]} 16. Ncb4 {[%emt 0:12:34]} Rg8 {[%emt 0:16:31]} 17. O-O {[%emt 0:04:26]} Bxf4 {[%emt 0:08:00]} 18. Qxf4 {[%emt 0:00:23]} Qd6 {[%emt 0:02:02]} 19. Nxc6 {[%emt 0:04:07]} Qxf4 {[%emt 0:04:13]} 20. Nxf4 {[%emt 0:00:02]} bxc6 {[%emt 0:00:11]} 21. f3 {[%emt 0:06:00]} Ng3 {[%emt 0:01:17]} 22. Rf2 {[%emt 0:00:25]} h4 {[%emt 0:01:07]} 23. Rfc2 {[%emt 0:01:03]} c5 {[%emt 0:06:54]} 24. dxc5 {[%emt 0:01:03]} O-O-O {[%emt 0:00:04]} 25. Rd1 {[%emt 0:00:58]} Rd7 {[%emt 0:01:04]} 26. b4 {[%emt 0:01:41]} Rgd8 {[%emt 0:00:16]} 27. Rcd2 {[%emt 0:00:43]} a5 {[%emt 0:02:05]} 28. b5 {[%emt 0:04:57]} d4 {[%emt 0:00:34]} 29. c6 {[%emt 0:01:54]} Rd6 {[%emt 0:00:03]} 30. Rxd4 {[%emt 0:00:21]} Rxd4 {[%emt 0:00:13]} 31. Rxd4 {[%emt 0:00:14]} e5 {[%emt 0:00:04]} 32. Rxd8+ {[%emt 0:00:13]} Kxd8 {[%emt 0:00:05]} 33. Nd5 {[%emt 0:00:06]} 1-0

[Event "Netanya Open 2019"]
[Site "Netanya"]
[Date "2019.06.30"]
[Round "7.28"]
[White "Friedland, Moshe"]
[Black "Slobodiansky, Steven"]
[Result "1/2-1/2"]
[WhiteElo "2298"]
[BlackElo "2106"]
[Annotator "NA"]
[PlyCount "57"]
[EventDate "2019.06.23"]
[EventType "swiss"]
[EventCountry "ISR"]
[SourceTitle "playchess.com"]
[Source "ChessBase"]
[SourceQuality "1"]
[TimeControl "40/5400+30:1800+30"]

1. e4 {[%emt 0:03:21]} e6 {[%emt 0:00:12]} 2. d4 {[%emt 0:00:38]} d5 {[%emt 0:00:16]} 3. Nc3 {[%emt 0:01:53]} Nf6 {[%emt 0:00:18]} 4. e5 {[%emt 0:00:43]} Nfd7 {[%emt 0:00:18]} 5. f4 {[%emt 0:00:13]} c5 {[%emt 0:00:14]} 6. Nf3 {[%emt 0:00:08]} Nc6 {[%emt 0:00:11]} 7. Be3 {[%emt 0:00:36]} cxd4 {[%emt 0:00:27]} 8. Nxd4 {[%emt 0:00:27]} Bc5 {[%emt 0:00:15]} 9. Qd2 {[%emt 0:00:06]} O-O {[%emt 0:00:10]} 10. O-O-O {[%emt 0:00:05]} a6 {[%emt 0:00:09]} 11. Nb3 {[%emt 0:01:09]} Bb4 {[%emt 0:00:57]} 12. Bd3 {[%emt 0:00:05]} b5 {[%emt 0:01:03]} 13. Kb1 {[%emt 0:00:04]} Bb7 {[%emt 0:02:48]} 14. Qe1 {[%emt 0:00:05]} Rc8 {[%emt 0:03:00]} 15. Bd2 {[%emt 0:00:29]} Be7 {[%emt 0:02:17]} 16. Ne2 {[%emt 0:00:15]} b4 {[%emt 0:04:01]} 17. Ned4 {[%emt 0:00:05]} a5 {[%emt 0:02:31]} 18. Nxc6 {[%emt 0:03:03]} Bxc6 {[%emt 0:00:26]} 19. f5 {[%emt 0:02:08]} Bg5 {[%emt 0:10:59]} 20. f6 {[%emt 0:21:45]} Bxd2 {[%emt 0:04:33]} 21. Rxd2 {[%emt 0:00:09]} gxf6 {[%emt 0:16:50]} 22. Bxh7+ {[%emt 0:03:59]} Kh8 {[%emt 0:00:01]} 23. Qh4 {[%emt 0:00:57]} fxe5 {[%emt 0:00:58]} 24. Qh6 {[%emt 0:01:00]} Nf6 {[%emt 0:02:03]} 25. Be4+ {[%emt 0:02:02]} Kg8 {[%emt 0:00:07]} 26. Qg5+ {[%emt 0:00:04]} Kh8 {[%emt 0:00:12]} 27. Rd3 {[%emt 0:02:58]} Nh7 {[%emt 0:00:17]} 28. Qh6 {[%emt 0:00:13]} f5 {[%emt 0:00:10]} 29. Rg3 {[%emt 0:06:46]} 1/2-1/2

[Event "Netanya Open 2019"]
[Site "Netanya"]
[Date "2019.06.30"]
[Round "7.29"]
[White "Guz, Ari"]
[Black "Poleg, Dan"]
[Result "1/2-1/2"]
[WhiteElo "2135"]
[BlackElo "2268"]
[PlyCount "32"]
[EventDate "2019.06.23"]
[EventType "swiss"]
[EventRounds "9"]
[EventCountry "ISR"]
[TimeControl "40/5400+30:1800+30"]

1. c4 e6 2. g3 d5 3. Bg2 dxc4 4. Qa4+ Nd7 5. Qxc4 a6 6. Qc2 Ngf6 7. Nf3 c5 8. Nc3 Qc7 9. O-O Bd6 10. d4 O-O 11. dxc5 Nxc5 12. Bg5 Nce4 13. Rac1 Nxg5 14. Nxg5 h6 15. Nge4 Nxe4 16. Nxe4 Qxc2 1/2-1/2

[Event "Netanya Open 2019"]
[Site "Netanya"]
[Date "2019.06.30"]
[Round "7.30"]
[White "Tifferet, Shaked"]
[Black "Hasidovsky, Michael"]
[Result "1-0"]
[WhiteElo "2236"]
[BlackElo "2135"]
[PlyCount "59"]
[EventDate "2019.06.23"]
[EventType "swiss"]
[EventRounds "9"]
[EventCountry "ISR"]
[TimeControl "40/5400+30:1800+30"]

1. d4 Nf6 2. c4 e6 3. g3 d5 4. Bg2 Be7 5. Nf3 Nbd7 6. O-O O-O 7. Qc2 c6 8. Nbd2 Bd6 9. e4 Nxe4 10. Nxe4 dxe4 11. Qxe4 Nf6 12. Qe2 Re8 13. Bd2 Nd7 14. Bc3 Qc7 15. h4 b6 16. h5 h6 17. Nd2 Bb7 18. Ne4 Bf8 19. b4 e5 20. dxe5 Nxe5 21. c5 f5 22. Nd6 Bxd6 23. cxd6 Qxd6 24. Rad1 Qc7 25. Rfe1 Nd7 26. Qc4+ Kf8 27. Re6 c5 28. Bxg7+ Kxg7 29. Rg6+ Kh8 30. Qf7 1-0

[Event "Netanya Open 2019"]
[Site "Netanya"]
[Date "2019.06.30"]
[Round "7.31"]
[White "Zalkind, Konstantin"]
[Black "Cohen Revivo, Shoham"]
[Result "0-1"]
[WhiteElo "2116"]
[BlackElo "2225"]
[PlyCount "92"]
[EventDate "2019.06.23"]
[EventType "swiss"]
[EventRounds "9"]
[EventCountry "ISR"]
[TimeControl "40/5400+30:1800+30"]

{[%evp 0,92,26,29,42,-17,25,24,41,35,50,22,22,-10,-3,18,9,11,13,15,24,-2,25,20,31,38,73,-12,-7,-43,-36,-43,-59,7,75,55,62,62,85,77,204,67,140,38,43,40,40,21,6,0,70,20,102,24,41,35,35,-106,-120,-113,-139,-134,-134,-134,-134,-134,-134,-134,-134,-228,-199,-199,-189,-217,-179,-203,-157,-172,-192,-173,-173,-173,-180,-170,-183,-183,-156,-155,-174,-265,-235,-235,-118,-1132,234]} 1. Nf3 Nf6 2. c4 c6 3. Nc3 d5 4. e3 e6 5. Qc2 Nbd7 6. b3 Bd6 7. Bb2 O-O 8. Be2 Qe7 9. d4 Re8 10. O-O-O dxc4 11. Bxc4 b5 12. Bd3 a6 13. e4 e5 14. Rhe1 exd4 15. Nxd4 Ne5 16. Kb1 c5 17. Nf5 Bxf5 18. exf5 Qc7 19. Bxb5 Reb8 20. Ba4 c4 21. Nd5 Nxd5 22. Rxd5 Nd3 23. Rxd3 cxd3 24. Qxd3 Qa5 25. Qe4 Bb4 26. Re3 Rd8 27. Qg4 Bf8 28. Bxg7 Bxg7 29. f6 Rd1+ 30. Qxd1 Qf5+ 31. Qd3 Qxf6 32. Kc2 Rc8+ 33. Kd1 Qxf2 34. Re8+ Rxe8 35. Bxe8 Qg1+ 36. Ke2 Qxg2+ 37. Ke1 Qh1+ 38. Qf1 Bc3+ 39. Kf2 Bd4+ 40. Ke1 Qe4+ 41. Qe2 Qb1+ 42. Kd2 Qxa2+ 43. Kd3 Qa1 44. Ba4 Qc3+ 45. Ke4 a5 46. Qd3 f5+ 0-1

[Event "Netanya Open 2019"]
[Site "Netanya"]
[Date "2019.06.30"]
[Round "7.32"]
[White "Tsirilman, Guy"]
[Black "Mindlin, Alon"]
[Result "1/2-1/2"]
[WhiteElo "1798"]
[BlackElo "2454"]
[PlyCount "85"]
[EventDate "2019.06.23"]
[EventType "swiss"]
[EventRounds "9"]
[EventCountry "ISR"]
[TimeControl "40/5400+30:1800+30"]

1. d4 Nf6 2. c4 e6 3. Nc3 Bb4 4. e3 b6 5. Nge2 Bb7 6. a3 Bxc3+ 7. Nxc3 O-O 8. f3 c5 9. Bd3 d5 10. cxd5 exd5 11. O-O Nbd7 12. Qe1 Qc8 13. Qh4 Re8 14. Bd2 Ba6 15. Bxa6 Qxa6 16. Rfd1 Rac8 17. Rac1 Qd3 18. Qf2 a6 19. Qf1 Qxf1+ 20. Kxf1 h6 21. g4 b5 22. h4 Nb6 23. b3 Nfd7 24. Kf2 f6 25. Be1 Kf7 26. h5 c4 27. b4 Na4 28. Nxd5 Nb2 29. Bc3 Nxd1+ 30. Rxd1 Nf8 31. e4 Ne6 32. Kg3 Rcd8 33. Nf4 Ng5 34. Re1 Rd7 35. d5 Rde7 36. Kg2 Rd7 37. Kg3 Ke7 38. Kf2 Kd8 39. Kg2 Kc8 40. Kf2 Rd6 41. Kg2 Nf7 42. Ng6 Ng5 43. Nf4 1/2-1/2

[Event "Netanya Open 2019"]
[Site "Netanya"]
[Date "2019.06.30"]
[Round "7.33"]
[White "Tzidkiya, Yeshaayahu"]
[Black "Gorshtein, Asaf"]
[Result "1-0"]
[WhiteElo "2247"]
[BlackElo "2109"]
[PlyCount "105"]
[EventDate "2019.06.23"]
[EventType "swiss"]
[EventRounds "9"]
[EventCountry "ISR"]
[TimeControl "40/5400+30:1800+30"]

1. e4 c6 2. d4 d5 3. Nc3 dxe4 4. Nxe4 Nf6 5. Nxf6+ exf6 6. c3 Bd6 7. Bd3 O-O 8. Ne2 Re8 9. O-O g6 10. Bf4 f5 11. Qd2 Be6 12. Rfe1 Bxf4 13. Nxf4 Nd7 14. Nxe6 Rxe6 15. Bc4 Rxe1+ 16. Rxe1 Nf6 17. Qe3 Ne4 18. Qf4 Qd7 19. h4 Re8 20. Bb3 Nf6 21. Rxe8+ Qxe8 22. Qe5 Qxe5 23. dxe5 Ne4 24. Bc2 Kf8 25. f4 Nc5 26. Kf2 Ke7 27. h5 Nd7 28. Ke3 c5 29. Bd1 f6 30. hxg6 hxg6 31. exf6+ Nxf6 32. Bf3 b6 33. Kd3 Kd6 34. Kc4 a6 35. Kd3 Nd5 36. g3 Nf6 37. Bb7 Nh5 38. Bxa6 Nxg3 39. Bc4 Ke7 40. b4 cxb4 41. cxb4 Ne4 42. Bd5 Nf6 43. Kd4 Nh7 44. Ke5 g5 45. a4 gxf4 46. a5 bxa5 47. bxa5 Nf8 48. a6 Nd7+ 49. Kd4 Kd6 50. a7 Nb6 51. Bf3 Ke6 52. Kc5 Nd7+ 53. Kb5 1-0

[Event "Netanya Open 2019"]
[Site "Netanya"]
[Date "2019.06.30"]
[Round "7.34"]
[White "Mizrahi, Ido"]
[Black "Prraneeth Vuppala"]
[Result "0-1"]
[WhiteElo "2101"]
[BlackElo "2297"]
[PlyCount "192"]
[EventDate "2019.06.23"]
[EventType "swiss"]
[EventRounds "9"]
[EventCountry "ISR"]
[TimeControl "40/5400+30:1800+30"]

1. Nf3 d5 2. g3 c6 3. Bg2 Bg4 4. c4 e6 5. cxd5 exd5 6. O-O Nd7 7. d3 Ngf6 8. Nc3 Bd6 9. Qc2 O-O 10. e4 h6 11. h3 Bxf3 12. Bxf3 Rc8 13. Bg2 Nc5 14. f4 Ne6 15. Kh2 Bc5 16. Na4 Bd4 17. Bd2 b5 18. Nc3 Bb6 19. Ne2 c5 20. e5 Nd7 21. Rae1 c4 22. dxc4 Rxc4 23. Qb1 Nd4 24. Nxd4 Bxd4 25. Bxd5 Rc8 26. e6 Nf6 27. e7 Qxd5 28. exf8=Q+ Rxf8 29. Qc2 Qh5 30. Qd1 Qc5 31. Qb3 Rd8 32. Bb4 Qc6 33. Be7 Rd5 34. Re2 Qd7 35. Bxf6 Bxf6 36. Rfe1 Rh5 37. Re8+ Kh7 38. Qc2+ g6 39. Qg2 Rd5 40. R8e2 a5 41. Rc1 Kg7 42. Rc7 Qf5 43. Rd2 Bd4 44. Rc1 h5 45. Rcd1 Qd7 46. Qe2 Qd6 47. Rd3 h4 48. Qd2 hxg3+ 49. Kg2 Qc6 50. Kxg3 Rc5 51. Qe2 Bf6 52. Rd6 Qc7 53. h4 Rh5 54. R1d2 Bxh4+ 55. Kg2 Bf6 56. Qf3 Qc1 57. Qd1 Qc8 58. Qf3 Qh8 59. Kg1 Rh3 60. Qe4 Qh4 61. R6d3 Rxd3 62. Rxd3 Bxb2 63. Rb3 Bf6 64. Rxb5 Qg3+ 65. Kf1 Qc3 66. a4 Bd4 67. Rd5 Qc1+ 68. Ke2 Qc4+ 69. Kd1 Qxa4+ 70. Ke2 Qc4+ 71. Kd1 Qb3+ 72. Ke2 Qa2+ 73. Kd1 Bf6 74. Rd2 Qb3+ 75. Ke2 a4 76. Rd3 Qb2+ 77. Rd2 Qb5+ 78. Qd3 Qh5+ 79. Kf2 Qh2+ 80. Kf3 Qh3+ 81. Ke4 Qf5+ 82. Ke3 Qc5+ 83. Kf3 a3 84. Ra2 Qh5+ 85. Ke4 Qf5+ 86. Ke3 Qxd3+ 87. Kxd3 Bb2 88. Ke3 Kf6 89. Ke4 g5 90. fxg5+ Kxg5 91. Kf3 Kf5 92. Kf2 Kf4 93. Ke2 Kg3 94. Kf1 Kf3 95. Ke1 f5 96. Kf1 f4 0-1

[Event "Netanya Open 2019"]
[Site "Netanya"]
[Date "2019.06.30"]
[Round "7.35"]
[White "Iliaguev, Daniel"]
[Black "Aroesti, Roee"]
[Result "0-1"]
[WhiteElo "2007"]
[BlackElo "2230"]
[PlyCount "92"]
[EventDate "2019.06.23"]
[EventType "swiss"]
[EventRounds "9"]
[EventCountry "ISR"]
[TimeControl "40/5400+30:1800+30"]

1. g3 d5 2. Nf3 c5 3. Bg2 g6 4. O-O Bg7 5. d4 cxd4 6. Nxd4 e5 7. Nb3 Ne7 8. c4 d4 9. e3 Nbc6 10. exd4 exd4 11. Na3 O-O 12. Nc5 b6 13. Nd3 Bf5 14. Bf4 Qd7 15. Re1 Rac8 16. Nb5 Rcd8 17. Bc7 Rc8 18. Bf4 Rcd8 19. Rc1 a6 20. Na3 Rc8 21. Be4 Be6 22. Qa4 Qa7 23. b4 Rfd8 24. Qd1 Bf8 25. Qf3 Bf5 26. b5 Bxe4 27. Qxe4 axb5 28. Nxb5 Qxa2 29. Bc7 Rd7 30. Bxb6 Rb7 31. Bxd4 Nf5 32. Bf6 Be7 33. Ba1 Bg5 34. f4 Re7 35. Qg2 Rxe1+ 36. Nxe1 Qxg2+ 37. Kxg2 Be7 38. Kf3 Na5 39. c5 Nb3 40. Rc3 Nxa1 41. g4 Bf6 42. Ra3 Rxc5 43. g5 Bb2 44. Ra8+ Kg7 45. Na7 Rc3+ 46. Kf2 Ra3 0-1

[Event "Netanya Open 2019"]
[Site "Netanya"]
[Date "2019.06.30"]
[Round "7.36"]
[White "Lukin, Elisha"]
[Black "Zilbershtein, Victor"]
[Result "1-0"]
[WhiteElo "2207"]
[BlackElo "1756"]
[PlyCount "117"]
[EventDate "2019.06.23"]
[EventType "swiss"]
[EventRounds "9"]
[EventCountry "ISR"]
[TimeControl "40/5400+30:1800+30"]

1. d4 f5 2. g3 Nf6 3. Bg5 e6 4. Nd2 Be7 5. Bg2 d5 6. e3 O-O 7. Bf4 c5 8. Ngf3 Nc6 9. O-O Ne4 10. h4 Qb6 11. c4 cxd4 12. cxd5 exd5 13. Nb3 Bd7 14. Nfxd4 Nxd4 15. Qxd4 Qxd4 16. Nxd4 Bf6 17. Rac1 Rac8 18. Bc7 Bxd4 19. exd4 Bc6 20. Bf4 h6 21. f3 Nf6 22. Rfe1 Rfe8 23. Bh3 Nh5 24. Bd6 Rxe1+ 25. Rxe1 Rd8 26. Bc7 Rd7 27. Re8+ Kf7 28. Rc8 g6 29. Be5 Nf6 30. Kf2 Re7 31. Bd6 Re6 32. Bf4 h5 33. Rc7+ Re7 34. Rxe7+ Kxe7 35. Ke3 Ke6 36. Be5 Nh7 37. Kf4 Bb5 38. b3 Bd3 39. Ke3 Bb1 40. Kd2 g5 41. a3 g4 42. Bg2 Nf6 43. Bxf6 Kxf6 44. fxg4 fxg4 45. Bxd5 b6 46. Ke3 Bg6 47. Kf4 Be8 48. Bc4 b5 49. Bd3 a6 50. b4 Bd7 51. Be4 Bc8 52. Bc6 Bf5 53. Bb7 Bd7 54. d5 Ke7 55. Ke5 Kd8 56. d6 Ke8 57. Kd5 Bf5 58. Kc6 Kd8 59. Bxa6 1-0

[Event "Netanya Open 2019"]
[Site "Netanya"]
[Date "2019.06.30"]
[Round "7.37"]
[White "Shetah, Roi"]
[Black "Gleizer, Mark"]
[Result "1/2-1/2"]
[WhiteElo "1836"]
[BlackElo "2180"]
[PlyCount "105"]
[EventDate "2019.06.23"]
[EventType "swiss"]
[EventRounds "9"]
[EventCountry "ISR"]
[TimeControl "40/5400+30:1800+30"]

1. e4 Nf6 2. e5 Nd5 3. d4 d6 4. c4 Nb6 5. exd6 cxd6 6. Nc3 g6 7. Be3 Bg7 8. Rc1 O-O 9. b3 e5 10. d5 Na6 11. Bd3 f5 12. f3 Nd7 13. Nge2 Nac5 14. Bb1 a5 15. O-O b6 16. a3 Ba6 17. b4 axb4 18. axb4 Bxc4 19. bxc5 bxc5 20. Bd3 Nb6 21. Bf2 Bh6 22. Rb1 Rf7 23. Rxb6 Bxd3 24. Rxd6 Qxd6 25. Qxd3 Rb7 26. Nb5 Qa6 27. Nec3 e4 28. fxe4 fxe4 29. Qxe4 Rxb5 30. Nxb5 Qxb5 31. d6 Rf8 32. Qd5+ Rf7 33. Re1 Bf8 34. Rd1 Qd7 35. Qxc5 Bg7 36. Qd5 Bf6 37. Rc1 Bd8 38. Bd4 Kf8 39. Qa8 Kg8 40. Qd5 Kf8 41. Ra1 Rf5 42. Rf1 Rxf1+ 43. Kxf1 Qf7+ 44. Qxf7+ Kxf7 45. Ke2 Ke6 46. Bc5 Bf6 47. Kf3 Be5 48. Kg4 Bf6 49. g3 Bd8 50. h4 Bf6 51. Kf4 Bd8 52. Ke4 Bf6 53. Kf4 1/2-1/2

[Event "Netanya Open 2019"]
[Site "Netanya"]
[Date "2019.06.30"]
[Round "7.38"]
[White "Neiman, Maks"]
[Black "Levi, Netanel"]
[Result "1-0"]
[WhiteElo "1954"]
[BlackElo "2138"]
[PlyCount "84"]
[EventDate "2019.06.23"]
[EventType "swiss"]
[EventRounds "9"]
[EventCountry "ISR"]
[TimeControl "40/5400+30:1800+30"]

1. d4 d6 2. Bf4 Nf6 3. e3 g6 4. Nf3 Bg7 5. h3 O-O 6. Be2 c5 7. O-O Nc6 8. d5 Nb8 9. Nc3 Nh5 10. Bh2 a6 11. a4 Qa5 12. Nd2 Nf6 13. Nc4 Qd8 14. e4 Nbd7 15. f4 Rb8 16. a5 b5 17. axb6 Nxb6 18. Na5 Qc7 19. Nc6 Ra8 20. e5 Ne8 21. Bf3 Bb7 22. Qe2 Bxc6 23. dxc6 e6 24. exd6 Nxd6 25. f5 exf5 26. Rxa6 Rae8 27. Qd3 Bd4+ 28. Kh1 Re3 29. Qd1 Nbc4 30. Nd5 Qc8 31. Bxd6 Qxa6 32. Bxf8 Kxf8 33. b3 Nd2 34. Nxe3 Bxe3 35. Re1 f4 36. Qa1 Qb6 37. Qh8+ Ke7 38. Qe5+ Kf8 39. c7 f6 40. c8=Q+ Kg7 41. Qe7+ Kh6 42. Qcf8+ Kg5 1-0

[Event "Netanya Open 2019"]
[Site "Netanya"]
[Date "2019.06.30"]
[Round "7.39"]
[White "Hoffmann, Yair"]
[Black "Feldman, Antony"]
[Result "1-0"]
[WhiteElo "2175"]
[BlackElo "1972"]
[PlyCount "53"]
[EventDate "2019.06.23"]
[EventType "swiss"]
[EventRounds "9"]
[EventCountry "ISR"]
[TimeControl "40/5400+30:1800+30"]

1. d4 d5 2. c4 dxc4 3. Nf3 a6 4. e3 Bg4 5. Bxc4 e6 6. O-O Nf6 7. b3 Nc6 8. Bb2 Bd6 9. Nbd2 O-O 10. h3 Bh5 11. Be2 Bg6 12. a3 Qe7 13. Nc4 Rad8 14. Nxd6 Rxd6 15. Qe1 Nd5 16. Nd2 Qg5 17. f4 Qd8 18. Qf2 Nf6 19. Bf3 b5 20. Rac1 Qd7 21. Rfd1 Rd8 22. g3 e5 23. fxe5 Nxe5 24. dxe5 Rxd2 25. Rxd2 Qxd2 26. Qxd2 Rxd2 27. Bc3 1-0

[Event "Netanya Open 2019"]
[Site "Netanya"]
[Date "2019.06.30"]
[Round "7.40"]
[White "Itzhaky, Shmuel"]
[Black "Tal-Shahar, Liam"]
[Result "1-0"]
[WhiteElo "2134"]
[BlackElo "1623"]
[PlyCount "37"]
[EventDate "2019.06.23"]
[EventType "swiss"]
[EventRounds "9"]
[EventCountry "ISR"]
[TimeControl "40/5400+30:1800+30"]

1. d4 d5 2. c4 e6 3. Nc3 c5 4. cxd5 exd5 5. Nf3 Nc6 6. g3 Nf6 7. Bg2 Be7 8. O-O O-O 9. b3 Re8 10. Bb2 cxd4 11. Nxd4 Bc5 12. Nxc6 bxc6 13. e4 Bg4 14. Qc2 Bb6 15. exd5 cxd5 16. Qd3 Qd7 17. Nxd5 Nxd5 18. Bxd5 Rad8 19. Qc3 1-0

[Event "Netanya Open 2019"]
[Site "Netanya"]
[Date "2019.06.30"]
[Round "7.41"]
[White "Yaniv, Yuval"]
[Black "Ehrlich, Roy"]
[Result "1-0"]
[WhiteElo "2132"]
[BlackElo "1938"]
[PlyCount "79"]
[EventDate "2019.06.23"]
[EventType "swiss"]
[EventRounds "9"]
[EventCountry "ISR"]
[TimeControl "40/5400+30:1800+30"]

1. c4 e6 2. Nc3 Bb4 3. Nf3 c5 4. Nb5 d6 5. a3 Ba5 6. b4 Bb6 7. Bb2 Nf6 8. Bxf6 gxf6 9. g3 Nc6 10. Qb1 a6 11. Nc3 f5 12. Bg2 Qf6 13. e3 Ne7 14. bxc5 Bxc5 15. d4 Ba7 16. O-O Bd7 17. Nd2 Rb8 18. Qb4 e5 19. dxe5 dxe5 20. Nd5 Nxd5 21. cxd5 Qb6 22. Qh4 Bb5 23. Rfb1 Qd6 24. Rb3 e4 25. Bxe4 Qe5 26. Rc1 fxe4 27. Nxe4 O-O 28. Nf6+ Kg7 29. Rb4 Qxf6 30. Rg4+ Qg6 31. a4 Bd7 32. Rxg6+ hxg6 33. Rc7 Rfd8 34. Qe7 Be8 35. d6 Bb6 36. Qe5+ Kg8 37. Rc4 f6 38. Qxf6 Rd7 39. Rf4 Rf7 40. Qe6 1-0

[Event "Netanya Open 2019"]
[Site "Netanya"]
[Date "2019.06.30"]
[Round "7.42"]
[White "Pravdivetz, Vladimir"]
[Black "Katkov, Michelle"]
[Result "1/2-1/2"]
[WhiteElo "1927"]
[BlackElo "2065"]
[PlyCount "171"]
[EventDate "2019.06.23"]
[EventType "swiss"]
[EventRounds "9"]
[EventCountry "ISR"]
[TimeControl "40/5400+30:1800+30"]

1. d4 Nf6 2. Nf3 e6 3. Nbd2 d5 4. e3 Bd6 5. Bd3 c5 6. b3 Nc6 7. dxc5 Bxc5 8. Bb2 O-O 9. Ne5 Nb4 10. Be2 d4 11. e4 Qc7 12. Nd3 Bd6 13. Nxb4 Bxb4 14. f3 e5 15. O-O Nh5 16. g3 Bh3 17. Rf2 Bc5 18. Bd3 Qd7 19. a4 Nf6 20. Ba3 Bxa3 21. Rxa3 Qe7 22. Ra2 Nd7 23. Qc1 Rac8 24. Qa3 Nc5 25. Bc4 Qd8 26. b4 Nd7 27. a5 b6 28. Bd3 Rc3 29. Qb2 bxa5 30. Rxa5 Qb8 31. Re2 Rfc8 32. Nb1 R3c7 33. Ba6 Rf8 34. Na3 Qb6 35. Nc4 Qf6 36. Rf2 Rb8 37. Na3 Nb6 38. Bd3 Qe7 39. Re2 Nc8 40. Rb5 Rcb7 41. Rxb7 Rxb7 42. b5 Rc7 43. Nc4 Qc5 44. Re1 Be6 45. Na3 Nb6 46. Rb1 f6 47. Qb4 Kf7 48. Qxc5 Rxc5 49. Rb2 Ke7 50. Kf2 Kd6 51. Ke2 Na4 52. Rb4 Nc3+ 53. Kd2 Kc7 54. Nb1 Nxb1+ 55. Rxb1 Kb6 56. Ra1 Bc8 57. Ra4 Rc7 58. f4 Bd7 59. fxe5 fxe5 60. Ra6+ Kc5 61. Ra5 Kb4 62. Ra6 Bxb5 63. Bxb5 Kxb5 64. Re6 Kc4 65. Rxe5 Rf7 66. Ke2 Rd7 67. Ra5 Kb4 68. Ra6 Kb5 69. Ra2 a5 70. Kd3 a4 71. e5 Kb4 72. Ke4 a3 73. e6 Rd8 74. Ke5 d3 75. cxd3 Rxd3 76. e7 Re3+ 77. Kd6 Kb3 78. Rxa3+ Kxa3 79. Kd7 Rd3+ 80. Ke6 Re3+ 81. Kf7 Rf3+ 82. Kxg7 Re3 83. Kf6 Kb4 84. Kf7 Rf3+ 85. Kg7 Re3 86. Kf7 1/2-1/2

[Event "Netanya Open 2019"]
[Site "Netanya"]
[Date "2019.06.30"]
[Round "7.43"]
[White "Vagman, Roy"]
[Black "Brenner, Moshe"]
[Result "1-0"]
[WhiteElo "1918"]
[BlackElo "2098"]
[PlyCount "115"]
[EventDate "2019.06.23"]
[EventType "swiss"]
[EventRounds "9"]
[EventCountry "ISR"]
[TimeControl "40/5400+30:1800+30"]

1. e4 c5 2. Ne2 Nc6 3. Nbc3 g6 4. d4 cxd4 5. Nxd4 Bg7 6. Nde2 Nf6 7. g3 O-O 8. Bg2 d6 9. O-O Be6 10. h3 Rc8 11. Nd5 Ne5 12. c3 Nc4 13. Nd4 Bxd5 14. exd5 Qa5 15. Re1 Rc7 16. Nb3 Qb5 17. Nd4 Qa5 18. Nb3 Qb6 19. Be3 Nxe3 20. Rxe3 Rfc8 21. Qe2 a5 22. Nd4 a4 23. a3 Bf8 24. Rd1 Rc5 25. Red3 Qa6 26. Nc2 Nd7 27. Ne3 Ne5 28. R3d2 Qb6 29. Rd4 Qa7 30. Qc2 b5 31. Kh2 Bg7 32. Rb4 Qc7 33. Qe2 Rb8 34. Re1 Kf8 35. f4 Nd7 36. Nd1 Nf6 37. Ne3 h6 38. Bf3 h5 39. g4 hxg4 40. hxg4 Rb7 41. Kg3 Ne8 42. Rh1 Rb8 43. g5 e5 44. dxe6 fxe6 45. Qd3 d5 46. Qxg6 Qf7 47. Qd3 Nd6 48. Bh5 Qe7 49. Bg6 Nc4 50. Rh5 Qd6 51. Nf5 Qd7 52. Nxg7 Qxg7 53. Rh7 Ne5 54. fxe5 Qxe5+ 55. Rf4+ Kg8 56. Bf7+ Kf8 57. Bxe6+ Ke8 58. Qg6+ 1-0

[Event "Netanya Open 2019"]
[Site "Netanya"]
[Date "2019.06.30"]
[Round "7.44"]
[White "Nissim, Jonathan"]
[Black "Leib, Daniel"]
[Result "1-0"]
[WhiteElo "2082"]
[BlackElo "1897"]
[PlyCount "69"]
[EventDate "2019.06.23"]
[EventType "swiss"]
[EventRounds "9"]
[EventCountry "ISR"]
[TimeControl "40/5400+30:1800+30"]

1. d4 d5 2. c4 e6 3. Nc3 Be7 4. Nf3 Nf6 5. cxd5 exd5 6. Bg5 Bf5 7. g3 O-O 8. Bg2 c6 9. O-O Nbd7 10. Bf4 Ne4 11. Ne1 Nxc3 12. bxc3 b5 13. Nd3 Nb6 14. f3 Be6 15. e4 f6 16. Nc5 Bxc5 17. dxc5 Nc4 18. Re1 a5 19. Bf1 Re8 20. Bxc4 dxc4 21. a3 a4 22. g4 Qe7 23. Bd6 Qf7 24. f4 Qd7 25. f5 Bf7 26. Kf2 Kh8 27. h4 g6 28. Qd4 Kg7 29. h5 Qd8 30. hxg6 hxg6 31. g5 gxf5 32. gxf6+ Kh6 33. Qe3+ Kg6 34. Rg1+ Kxf6 35. Qg5+ 1-0

[Event "Netanya Open 2019"]
[Site "Netanya"]
[Date "2019.06.30"]
[Round "7.45"]
[White "Volkov, Yuri"]
[Black "Sokolovsky, Yahli"]
[Result "1/2-1/2"]
[WhiteElo "1886"]
[BlackElo "2054"]
[PlyCount "127"]
[EventDate "2019.06.23"]
[EventType "swiss"]
[EventRounds "9"]
[EventCountry "ISR"]
[TimeControl "40/5400+30:1800+30"]

{[%evp 0,112,30,25,35,-9,54,43,40,26,12,19,37,23,36,28,31,2,29,-33,-25,-26,-26,-44,-44,-27,-28,-28,-32,-45,-5,-24,-1,-29,-25,-46,-79,-80,-41,-43,-39,-50,-24,-45,-45,-91,-66,-95,-87,-88,-86,-87,-83,-86,-28,-68,-19,-88,-78,-67,-67,-94,-85,-94,-83,-89,-94,-89,-89,-89,-95,-101,-100,-115,-117,-106,-121,-123,-119,-182,-168,-166,-134,-168,-168,-174,-175,-166,-106,-118,-108,-143,-73,-169,-173,-184,-173,-247,-277,-267,-293,-348,-192,-276,-287,-305,-321,-363,-378,-396,-396,-396,-258,-396,-415]} 1. d4 Nf6 2. c4 g6 3. Nc3 Bg7 4. g3 O-O 5. Bg2 d6 6. Nf3 Nc6 7. O-O e5 8. dxe5 dxe5 9. Qxd8 Rxd8 10. Bg5 Be6 11. Rac1 h6 12. Bxf6 Bxf6 13. b3 Be7 14. e4 Rd7 15. Nd5 a5 16. Nxe7+ Rxe7 17. h3 Rd7 18. Rfd1 Rad8 19. Rxd7 Rxd7 20. Kf1 a4 21. Ke2 f6 22. Nd2 Rd4 23. f4 Nb4 24. bxa4 Nxa2 25. Rc2 Nb4 26. Rc3 Na6 27. a5 Nb4 28. Ke3 Nc6 29. fxe5 fxe5 30. Bf1 Nxa5 31. Nf3 Nxc4+ 32. Bxc4 Rxc4 33. Rxc4 Bxc4 34. Nxe5 Bf7 35. Kd4 Kf8 36. Nd3 Ke7 37. Ke5 b6 38. h4 c5 39. g4 Bc4 40. Nf4 b5 41. Nxg6+ Kf7 42. h5 b4 43. Kf4 Be2 44. Ke3 b3 45. Kd2 Kf6 46. Kc3 Bxg4 47. Kxb3 Bxh5 48. Nf4 Bf7+ 49. Kc3 Ke5 50. Nd3+ Kd6 51. Nf2 h5 52. Kd3 Ke5 53. Ke3 c4 54. Nh3 h4 55. Nf4 Kf6 56. Kf3 Be6 57. e5+ Kxe5 58. Ng6+ Kf6 59. Nxh4 Kg5 60. Kg3 c3 61. Nf3+ Kf5 62. Kf2 Ke4 63. Ng5+ Kf5 64. Nxe6 1/2-1/2